Logos aléatoires #3 - Réseaux Sociaux - Statistiques

Statistiques générales
  • Ce quiz a été pris 320 fois
  • Le résultat moyen est 9 sur 16
Statistiques - réponses
Par images Réponse % Correct
Facebook
100%
Youtube
100%
Instagram
99%
Pinterest
99%
Snapchat
99%
Spotify
99%
TikTok / Douyin
98%
WhatsApp
97%
X
95%
Messenger
93%
Skype
93%
Discord
85%
Twitch
85%
Linkedin
79%
Deezer
78%
Telegram
78%
BeReal
65%
Reddit
59%
Threads
55%
SoundCloud
44%
Strava
32%
Yubo
23%
Vimeo
21%
Viber
19%
Tumblr
18%
Quora
14%
WeChat
10%
Slack
7%
flickr
5%
Dailymotion
2%
Mastodon
2%
21 Buttons
1%
Aucun quiz correspondant
Distribution des résultats
% des personnes avec chaque résultat
Percentile par nombre de réponses
Votre historique - résultats
Vous n’avez pas pris ce quiz